A text book of organisation of commerce and management XI Com (Record no. 795800)

MARC details
000 -LEADER
fixed length control field 00653nam a2200217Ia 4500
008 - FIXED-LENGTH DATA ELEMENTS--GENERAL INFORMATION
fixed length control field 101110s9999 xx 000 0 und d
041 ## - LANGUAGE CODE
Language code of text/sound track or separate title ENGLISH
082 ## - DEWEY DECIMAL CLASSIFICATION NUMBER
Item number JR4993
100 ## - MAIN ENTRY--PERSONAL NAME
Personal name Shejwalkar P.C., Joshi V.A. & others
245 ## - TITLE STATEMENT
Title A text book of organisation of commerce and management XI Com
260 ## - PUBLICATION, DISTRIBUTION, ETC. (IMPRINT)
Date of publication, distribution, etc 2006
Name of publisher, distributor, etc Narendra Prakashan, Pune
300 ## - PHYSICAL DESCRIPTION
Extent 264
365 ## - TRADE PRICE
Price amount 54
520 ## - SUMMARY, ETC.
Summary, etc Commerce
546 ## - LANGUAGE NOTE
Language note ENGLISH
630 ## - SUBJECT ADDED ENTRY--UNIFORM TITLE
Uniform title A text book of organisation of commerce and management XI Com
650 ## - SUBJECT ADDED ENTRY--TOPICAL TERM
Topical term or geographic name as entry element Commerce
655 ## - INDEX TERM--GENRE/FORM
Genre/form data or focus term Commerce
730 ## - ADDED ENTRY--UNIFORM TITLE
Uniform title A text book of organisation of commerce and management XI Com
942 ## - ADDED ENTRY ELEMENTS (KOHA)
Koha item type Book
Holdings
Withdrawn status Lost status Damaged status Not for loan Home library Current library Date acquired Source of acquisition Cost, normal purchase price Shelving control number Total Checkouts Barcode Date last seen Price effective from Koha item type
        D. B. J. College, Chiplun D. B. J. College, Chiplun   Yogesh Prakashan, Pune, bill 3017, dt. 8/7/06 54.00     DBJJR4993 11/11/2010 11/11/2010 Book